[Event "VI Sunway Sitges Open 2019"]
[Site "Sitges"]
[Date "2019.12.19"]
[Round "7.32"]
[White "Dhulipalla Bala Chandra Prasad"]
[Black "Bjerre, Jonas Buhl"]
[Result "0-1"]
[WhiteElo "2414"]
[BlackElo "2526"]
[Annotator "ChessBase"]
[PlyCount "70"]
[EventDate "2019.12.13"]
[EventType "swiss"]
[EventCountry "ESP"]
[SourceTitle "playchess.com"]
[Source "ChessBase"]
[SourceQuality "1"]
[TimeControl "40/5400+30:1800+30"]

1. d4 {[%emt 0:00:00]} Nf6 {[%emt 0:00:04]} 2. c4 {[%emt 0:00:00]} e6 {[%emt 0:00:38]} 3. g3 {[%emt 0:00:26]} c5 {[%emt 0:01:09]} 4. d5 {[%emt 0:00:42]} exd5 {[%emt 0:00:20]} 5. cxd5 {[%emt 0:00:06]} d6 {[%emt 0:00:21]} 6. Bg2 {[%emt 0:00:05]} g6 {[%emt 0:00:10]} 7. Nc3 {[%emt 0:00:07]} Bg7 {[%emt 0:00:19]} 8. Nf3 {[%emt 0:00:06]} O-O {[%emt 0:00:35]} 9. O-O {[%emt 0:00:05]} Re8 {[%emt 0:01:07]} 10. Bf4 {[%emt 0:00:07]} Bf5 {[%emt 0:00:42]} 11. Nh4 {[%emt 0:00:39]} Bc8 {[%emt 0:00:36]} 12. Nf3 {[%emt 0:00:26]} Bf5 {[%emt 0:00:56]} 13. Nh4 {[%emt 0:00:36]} Bc8 {[%emt 0:01:08]} 14. Qd2 {[%emt 0:15:11]} a6 {[%emt 0:00:49]} 15. a4 {[%emt 0:02:32]} Qe7 {[%emt 0:00:41]} 16. Nf3 {[%emt 0:08:15]} Nbd7 {[%emt 0:03:12]} 17. Rab1 {[%emt 0:02:46]} Rb8 {[%emt 0:09:41]} 18. Rfe1 {[%emt 0:05:41]} Qf8 {[%emt 0:04:57]} 19. h3 {[%emt 0:07:22]} Nh5 {[%emt 0:02:31]} 20. Be3 {[%emt 0:04:37]} Nb6 {[%emt 0:03:57]} 21. Qc1 {[%emt 0:13:58]} Bd7 {[%emt 0:12:23]} 22. g4 {[%emt 0:16:32]} Nf6 {[%emt 0:04:40]} 23. Qd1 {[%emt 0:02:52]} h5 {[%emt 0:04:33]} 24. g5 {[%emt 0:04:57]} Ne4 {[%emt 0:02:11]} 25. Nxe4 {[%emt 0:00:35]} Rxe4 {[%emt 0:00:14]} 26. Nd2 {[%emt 0:00:48]} Rh4 {[%emt 0:08:34]} 27. a5 {[%emt 0:03:01]} Na4 {[%emt 0:19:17]} 28. f4 {[%emt 0:05:17]} Qe8 {[%emt 0:03:05]} 29. Qb3 {[%emt 0:00:46]} Nc3 {[%emt 0:01:45]} 30. Kf2 {[%emt 0:01:50]} Nxb1 {[%emt 0:03:00]} 31. Rxb1 {[%emt 0:00:23]} Bd4 {[%emt 0:00:59]} 32. Bxd4 {[%emt 0:02:26]} Rxf4+ {[%emt 0:00:37]} 33. Nf3 {[%emt 0:00:23]} cxd4 {[%emt 0:00:28]} 34. Rc1 {[%emt 0:00:40]} Bb5 {[%emt 0:00:57]} 35. Bf1 {[%emt 0:00:33]} Qe4 {[%emt 0:02:22]} 0-1

[Event "VI Sunway Sitges Open 2019"]
[Site "Sitges"]
[Date "2019.12.19"]
[Round "7.33"]
[White "Aroshidze, Levan"]
[Black "Trent, Lawrence"]
[Result "1-0"]
[WhiteElo "2514"]
[BlackElo "2396"]
[Annotator "ChessBase"]
[PlyCount "75"]
[EventDate "2019.12.13"]
[EventType "swiss"]
[EventCountry "ESP"]
[SourceTitle "playchess.com"]
[Source "ChessBase"]
[SourceQuality "1"]
[TimeControl "40/5400+30:1800+30"]

1. e4 {[%emt 0:00:00]} c5 {[%emt 0:00:00]} 2. Nf3 {[%emt 0:00:00]} Nc6 {[%emt 0:00:00]} 3. d4 {[%emt 0:00:30]} cxd4 {[%emt 0:00:02]} 4. Nxd4 {[%emt 0:00:05]} Nf6 {[%emt 0:00:05]} 5. Nc3 {[%emt 0:00:06]} e6 {[%emt 0:01:20]} 6. Ndb5 {[%emt 0:02:14]} Bc5 {[%emt 0:00:07]} 7. Bf4 {[%emt 0:05:23]} O-O {[%emt 0:00:44]} 8. Bc7 {[%emt 0:00:50]} Qe7 {[%emt 0:00:04]} 9. Bd6 {[%emt 0:00:06]} Bxd6 {[%emt 0:00:04]} 10. Qxd6 {[%emt 0:00:05]} Qd8 {[%emt 0:00:02]} 11. O-O-O {[%emt 0:06:07]} a6 {[%emt 0:22:40]} 12. Nd4 {[%emt 0:03:27]} Qb6 {[%emt 0:15:13]} 13. Nxc6 {[%emt 0:21:23]} Qxc6 {[%emt 0:12:04]} 14. Be2 {[%emt 0:12:18]} Ne8 {[%emt 0:09:13]} 15. Qxc6 {[%emt 0:06:49]} bxc6 {[%emt 0:02:59]} 16. Na4 {[%emt 0:05:24]} Rb8 {[%emt 0:05:39]} 17. e5 {[%emt 0:01:10]} f6 {[%emt 0:01:15]} 18. Nc5 {[%emt 0:00:35]} fxe5 {[%emt 0:02:30]} 19. Nxd7 {[%emt 0:00:25]} Bxd7 {[%emt 0:00:06]} 20. Rxd7 {[%emt 0:00:05]} Rxf2 {[%emt 0:00:34]} 21. Bxa6 {[%emt 0:04:19]} Nf6 {[%emt 0:02:16]} 22. Rd6 {[%emt 0:01:20]} Nd5 {[%emt 0:00:54]} 23. Bc4 {[%emt 0:01:44]} Kf7 {[%emt 0:00:31]} 24. Rxc6 {[%emt 0:05:10]} Rxg2 {[%emt 0:01:23]} 25. Bb3 {[%emt 0:07:10]} Nf4 {[%emt 0:00:48]} 26. Kb1 {[%emt 0:01:58]} g5 {[%emt 0:02:27]} 27. a4 {[%emt 0:00:38]} Ra8 {[%emt 0:00:21]} 28. Rf1 {[%emt 0:00:36]} Ke7 {[%emt 0:02:25]} 29. Rc7+ {[%emt 0:01:02]} Kf6 {[%emt 0:00:05]} 30. Rxh7 {[%emt 0:06:19]} e4 {[%emt 0:00:05]} 31. h4 {[%emt 0:01:05]} e3 {[%emt 0:01:03]} 32. hxg5+ {[%emt 0:00:39]} Ke5 33. Re1 {[%emt 0:03:21]} Ke4 {[%emt 0:01:28]} 34. Rh6 {[%emt 0:03:26]} e5 {[%emt 0:06:07]} 35. Bc4 {[%emt 0:00:16]} Rxa4 {[%emt 0:01:08]} 36. Bb5 {[%emt 0:00:09]} Rd4 {[%emt 0:01:52]} 37. Bc6+ {[%emt 0:00:05]} Nd5 {[%emt 0:00:01]} 38. Rh4+ {[%emt 0:00:56]} 1-0

[Event "VI Sunway Sitges Open 2019"]
[Site "Sitges"]
[Date "2019.12.19"]
[Round "7.34"]
[White "Sadhwani, Raunak"]
[Black "Lopez Mulet, Inigo"]
[Result "1-0"]
[WhiteElo "2507"]
[BlackElo "2382"]
[Annotator "ChessBase"]
[PlyCount "51"]
[EventDate "2019.12.13"]
[EventType "swiss"]
[EventCountry "ESP"]
[SourceTitle "playchess.com"]
[Source "ChessBase"]
[SourceQuality "1"]
[TimeControl "40/5400+30:1800+30"]

1. c4 {[%emt 0:00:00]} e5 {[%emt 0:00:01]} 2. Nc3 {[%emt 0:00:00]} Bb4 {[%emt 0:00:29]} 3. Nd5 {[%emt 0:00:00]} Bc5 {[%emt 0:00:05]} 4. e3 {[%emt 0:00:00]} c6 {[%emt 0:00:53]} 5. d4 {[%emt 0:00:00]} Bd6 {[%emt 0:16:58]} 6. dxe5 {[%emt 0:24:27]} Bxe5 {[%emt 0:00:22]} 7. Nf3 {[%emt 0:00:10]} d6 {[%emt 0:01:27]} 8. Nc3 {[%emt 0:03:08]} Bxc3+ {[%emt 0:02:07]} 9. bxc3 {[%emt 0:00:02]} Nf6 {[%emt 0:00:27]} 10. Be2 {[%emt 0:02:20]} O-O {[%emt 0:02:47]} 11. O-O {[%emt 0:00:13]} c5 {[%emt 0:06:41]} 12. Qd3 {[%emt 0:02:34]} Nc6 {[%emt 0:06:23]} 13. e4 {[%emt 0:00:16]} Re8 {[%emt 0:04:04]} 14. Bg5 {[%emt 0:00:57]} h6 {[%emt 0:02:47]} 15. Bxf6 {[%emt 0:02:31]} Qxf6 {[%emt 0:00:06]} 16. Nd2 {[%emt 0:00:04]} b6 {[%emt 0:03:47]} 17. f4 {[%emt 0:01:20]} Ba6 {[%emt 0:01:12]} 18. Rf2 {[%emt 0:01:00]} Re7 {[%emt 0:08:28]} 19. Raf1 {[%emt 0:02:59]} Na5 {[%emt 0:03:07]} 20. g4 {[%emt 0:04:22]} Rae8 {[%emt 0:12:20]} 21. Qg3 {[%emt 0:09:37]} Qe6 {[%emt 0:07:47]} 22. h4 {[%emt 0:03:27]} f6 {[%emt 0:05:42]} 23. g5 {[%emt 0:00:48]} f5 {[%emt 0:02:00]} 24. exf5 {[%emt 0:04:16]} Qe3 {[%emt 0:02:49]} 25. Qxe3 {[%emt 0:07:38]} Rxe3 {[%emt 0:00:07]} 26. Bf3 {[%emt 0:00:02]} 1-0

[Event "VI Sunway Sitges Open 2019"]
[Site "Sitges"]
[Date "2019.12.19"]
[Round "7.35"]
[White "Rathanvel, V S"]
[Black "Krzyzanowski, Marcin"]
[Result "0-1"]
[WhiteElo "2410"]
[BlackElo "2506"]
[Annotator "TA"]
[PlyCount "80"]
[EventDate "2019.12.13"]
[EventType "swiss"]
[EventCountry "ESP"]
[SourceTitle "playchess.com"]
[Source "ChessBase"]
[SourceQuality "1"]

{[%evp 18,114,14,1,9,7,22,21,24,24,22,25,31,20,38,30,48,20,5,0,0,-10,-10,-8,-11,-9,-12,-14,-20,-42,0,-4,0,0,0,0,0,-18,-11,-20,-3,-17,-4,-6,-4,-22,-25,-20,-6,-40,-30,-50,-20,-31,-21,-95,-93,-92,-94,-99,-99,-102,-83,-145,-83,-83,-83,-81,-55,-131,-68,-221,-153,-153,-156,-163,-163,-562,-578,-762,-768,-670,-393,-29980,-29981,-29983,-29984,-29984,-913,-29976,-29977,-29977,-29978,-29978,-29979,-29977,-29978,-29984,-29978]} 1. e4 e5 2. Nf3 Nc6 3. Bb5 a6 4. Ba4 d6 5. Bxc6+ bxc6 6. d4 exd4 7. Qxd4 Nf6 8. Nc3 Be7 9. O-O O-O 10. Bf4 Bg4 {C73: Ruy Lopez: Deferred Steinitz: 5 Bxc6+} (10... c5 {feels hotter.} 11. Qc4 Nd7 12. Rad1 a5 13. Rfe1 Nb6) 11. Qd3 Bxf3 (11... Nd7 {keeps more tension.} 12. Nd4 Nc5 13. Qe3 Bd7 14. Bg3 Qb8) 12. Qxf3 Nd7 {The position is equal.} 13. Rad1 Bf6 14. b3 Re8 15. Rfe1 {[#]} Rb8 $146 ({Predecessor:} 15... Qb8 16. Ne2 Qb4 17. Ng3 Qc3 18. Qg4 Ne5 19. Bxe5 Bxe5 20. f4 Bd4+ 21. Kh1 Bf2 22. Re2 Bxg3 23. Qxg3 Qxg3 24. hxg3 Kf8 25. Kg1 {½-½ (25) Fontaine,R (2531)-Atalik,S (2541) Athens 2004}) 16. h3 g6 17. Nb1 Re6 18. Qe2 Nc5 19. Nd2 Qe7 20. Be3 d5 $1 21. exd5 cxd5 {White must now prevent ...d4.} 22. Bxc5 Qxc5 23. Qd3 $1 Rbe8 (23... Bd4 {is interesting.} 24. Rf1 Rd8 25. a3 Rc6 26. b4 Qc3) 24. Rxe6 fxe6 25. c4 a5 26. Re1 c6 27. Nf1 Qd4 28. Qf3 Kg7 29. Ne3 {With the idea cxd5.} Rf8 {Threatens to win with ...Bh4.} 30. Qe2 h5 31. Nd1 Rf7 32. Qc2 Be5 33. Qe2 Bd6 34. Ne3 Qf4 35. g3 Qf6 36. Ng2 (36. cxd5 $11 exd5 37. Qc2) 36... e5 $17 37. cxd5 cxd5 38. Ne3 Bc5 $1 39. Rf1 Qe6 $1 40. Ng2 (40. h4 $142) 40... Qf5 {Played: Bc5-d4} 0-1

[Event "VI Sunway Sitges Open 2019"]
[Site "Sitges"]
[Date "2019.12.19"]
[Round "7.36"]
[White "Ayats Llobera, Gerard"]
[Black "Saduakassova, Dinara"]
[Result "0-1"]
[WhiteElo "2383"]
[BlackElo "2505"]
[Annotator "TA"]
[PlyCount "110"]
[EventDate "2019.12.13"]
[EventType "swiss"]
[EventCountry "ESP"]
[SourceTitle "playchess.com"]
[Source "ChessBase"]
[SourceQuality "1"]

{[%evp 32,110,20,24,45,16,26,0,0,0,0,0,6,0,1,0,12,0,0,0,0,0,0,0,0,0,0,0,0,0,0,0,-2,-2,-6,-27,-19,-34,0,0,0,0,0,-46,-47,-47,-47,-8,-8,-215,-215,-428,-434,-427,-423,-627,-628,-614,-612,-614,-609,-505,-408,-422,-520,-456,-451,-796,-723,-6303,-3864,-12840,-12839,-12842,-12843,-12843,-12843,-12845,-12843,-10958,-1226]} 1. e4 e5 2. Nf3 Nc6 3. Bb5 a6 4. Ba4 Nf6 5. O-O Be7 6. Re1 b5 7. Bb3 d6 8. c3 O-O 9. h3 Nb8 10. d4 Nbd7 11. Nbd2 Bb7 12. Bc2 Re8 13. Nf1 Bf8 14. Ng3 g6 15. a4 c5 16. d5 c4 17. Be3 Nc5 {C95: Closed Ruy Lopez: Breyer Variation with 10 d4} 18. Nh2 (18. Bxc5 dxc5 19. Qd2 Re7 20. Qg5 Bg7 21. Nf1 Ne8 22. axb5 axb5 23. Rxa8 Bxa8 24. Ra1 Bb7 25. N1d2 {0-1 (58) Antipov,M (2599)-Indjic,A (2617) Abu Dhabi 2019}) 18... Qc7 19. Ng4 Nxg4 {The position is equal.} 20. hxg4 Reb8 $146 ({Predecessor:} 20... Qe7 21. f3 Qh4 22. Bf2 Qg5 23. Be3 Qh4 24. Bf2 Qg5 {½-½ (24) Gadimbayli,A (2447)-Nester,I (2366) Lvov 2019}) 21. axb5 axb5 22. Qe2 Bc8 23. Nf1 Ba6 24. Ra2 Bb7 25. Rea1 Qc8 26. Bg5 Rxa2 27. Rxa2 Ra8 28. Rxa8 Qxa8 29. Qd1 Qa2 30. Qb1 Qxb1 31. Bxb1 {[#]} f5 $1 {[%mdl 512]} 32. gxf5 (32. exf5 gxf5) 32... gxf5 33. exf5 Bxd5 34. Ne3 Be4 35. Bxe4 Nxe4 $11 {[%mdl 4096] Endgame KBN-KBN} 36. Bh4 Bh6 37. Kf1 Bxe3 38. fxe3 $15 {KB-KN} Kf7 39. Ke2 h5 40. Kd1 $2 (40. Kf3 $11 {and White is okay.} d5 41. Bd8) 40... d5 $19 41. Bd8 $2 (41. Ke2 {was the only defense.}) 41... Ng3 42. f6 Ne4 43. Ke2 (43. Be7 $142 Nxf6 44. Bc5) 43... Nxf6 44. Bb6 Ke6 45. Ba7 Kf5 46. Kf3 Ne4 47. Bb6 Nd2+ {Black is clearly winning.} 48. Ke2 {[#]} Nb3 $1 49. Kd1 (49. Kf3 $142 Nc1 50. Bc5) 49... Kg4 50. Kc2 Kg3 51. Bc7 Kxg2 52. Bxe5 h4 53. Kb1 h3 54. Ka2 Nc1+ 55. Ka3 Ne2 {Accuracy: White = 32%, Black = 77%.} (55... Nd3 $142 56. Bd6 h2 57. Bxh2 Kxh2) 0-1

[Event "VI Sunway Sitges Open 2019"]
[Site "Sitges"]
[Date "2019.12.19"]
[Round "7.37"]
[White "Sorensen, Hampus"]
[Black "Lobanov, Sergei"]
[Result "1/2-1/2"]
[WhiteElo "2364"]
[BlackElo "2504"]
[Annotator "TA"]
[PlyCount "150"]
[EventDate "2019.12.13"]
[EventType "swiss"]
[EventCountry "ESP"]
[SourceTitle "playchess.com"]
[Source "ChessBase"]
[SourceQuality "1"]

{[%evp 9,150,0,0,0,-10,-4,-10,0,0,0,0,0,0,-6,-8,-13,-3,-16,91,0,10,0,31,0,0,0,0,0,0,0,0,0,0,0,0,-93,-89,-94,-94,-87,-14,-183,-168,-180,-170,-202,-144,-127,-80,-160,-167,-183,-188,-243,-202,-256,-261,-234,-191,-305,-301,-252,-248,-350,-341,-315,-231,-206,81,81,81,81,81,81,256,250,162,81,81,81,288,0,0,0,0,0,0,0,0,0,0,0,0,0,0,0,0,0,0,0,0,0,0,0,8,8,8,8,8,8,8,8,8,8,8,8,8,8,8,39,102,102,102,8,102,102,102,8,102,102,102,102,102,102,102,0,102,102,102,8,8,8,8]} 1. d4 Nf6 2. c4 g6 3. Nc3 d5 4. Nf3 Bg7 5. h4 (5. Qb3 dxc4 6. Qxc4 O-O 7. e4 Nc6 8. Be2 e5 9. d5 Nd4 10. Nxd4 exd4 11. Qxd4 c6 12. Qc4 b5 13. Qxc6 Bd7 14. Qd6 Re8 15. e5 Ng4 16. e6 fxe6 {½-½ (36) Yu,Y (2763)-Vachier Lagrave,M (2774) Khanty-Mansiysk 2019}) 5... dxc4 6. e4 {D90: Grünfeld: 4 Nf3 Bg7 sidelines} c5 7. d5 b5 {Black wants to play ...b4.} 8. h5 O-O 9. hxg6 fxg6 10. e5 Ng4 11. d6 $1 e6 $1 12. Rxh7 Rf5 13. Rh3 $146 a6 (13... Nc6 $1 $11) 14. Be2 (14. a4 $16) 14... Nc6 $11 15. Ne4 Ngxe5 16. Be3 Nxf3+ 17. Bxf3 Rd5 ({Much weaker is} 17... Bxb2 $6 18. Nxc5 Bd7 19. Be4 $18) 18. Nf6+ Qxf6 19. Bxd5 exd5 20. Qxd5+ Be6 21. Qxc6 Rc8 $36 {[%mdl 2048] Black is more active.} 22. Qe4 (22. Qxa6 $11 {keeps the balance.} Qxb2 23. Rd1 Qc3+ 24. Rd2) 22... Bxh3 $17 {[%mdl 64] Discovered Attack} 23. gxh3 Qxd6 24. Rd1 Qf6 (24... Qc6 $17 25. Qxc6 Rxc6 26. Rd8+ Kf7 27. Rd7+ Kf6) 25. Kf1 $2 (25. Rd7 $11 Kh7 26. Kf1) 25... Qf5 $1 $19 {[%cal Rf5e4]} 26. Qxf5 gxf5 {[%mdl 4096] Endgame KRB-KRB} 27. Rd2 Rc6 28. Ke2 Kf7 29. Kd1 (29. Rd7+ $142 Kg6 30. b3) 29... Be5 $17 30. f3 Ke6 31. Kc2 (31. h4 {was called for.}) 31... Rc8 32. h4 f4 33. Bf2 Rh8 34. Bxc5 (34. b3 $142) 34... Rxh4 $19 35. Rf2 Rh1 36. a3 (36. Rd2 $142) 36... Kd5 37. Bb6 Ra1 38. Ba5 Bd4 $2 (38... Rg1 $19 39. Rd2+ Ke6) 39. Rd2 $16 {aiming for Bc3.} Rf1 40. Bb6 $1 Rxf3 {...Rd3 is the strong threat.} 41. Rxd4+ {KRB-KR} Kc6 $2 (41... Ke6 $16) 42. Ba5 $1 $18 Rf2+ 43. Bd2 ({White should play} 43. Kb1 $1 $18) 43... f3 $16 44. Rf4 a5 $2 {[#]} (44... Kd5 $16 {keeps fighting.}) 45. Rf6+ $2 (45. a4 $1 $18) 45... Kd5 $11 46. Rf5+ Kc6 47. a4 b4 48. Re5 Rg2 49. Rxa5 c3 $1 50. bxc3 b3+ $1 51. Kxb3 Rxd2 {KR-KR} 52. Rf5 f2 53. Kc4 Ra2 54. Rf6+ Kb7 55. Kb5 Rb2+ 56. Kc5 Ra2 57. Rf7+ Ka6 58. c4 Rxa4 59. Rxf2 Kb7 60. Rf7+ Kb8 61. Kb5 Ra1 62. c5 Rh1 63. Kb6 {[%cal Rf7f8]} Rb1+ 64. Kc6 Rc1 (64... Rh1 $14) 65. Rf8+ Ka7 66. Re8 ({White should try} 66. Rd8 $16) 66... Rc2 (66... Rh1 $11 {remains equal.}) 67. Rd8 Rc1 68. Kd6 (68. Rd7+ $16 Kb8 69. Rh7) 68... Kb7 (68... Rg1 $1 $11) 69. Rd7+ $16 Kc8 70. Re7 Rc2 71. Kc6 {[%cal Re7e8]} Kb8 72. Re8+ Ka7 73. Rc8 Rh2 {[#]} 74. Rc7+ ({Better is} 74. Rd8 $1 $16) 74... Kb8 $11 {( -> ...Rh6+)} 75. Rb7+ Kc8 {Accuracy: White = 50%, Black = 56%.} 1/2-1/2

[Event "VI Sunway Sitges Open 2019"]
[Site "Sitges"]
[Date "2019.12.19"]
[Round "7.38"]
[White "Gordon, Stephen J"]
[Black "Alexiadis, Hristos"]
[Result "1-0"]
[WhiteElo "2495"]
[BlackElo "2346"]
[Annotator "TA"]
[PlyCount "91"]
[EventDate "2019.12.13"]
[EventType "swiss"]
[EventCountry "ESP"]
[SourceTitle "playchess.com"]
[Source "ChessBase"]
[SourceQuality "1"]

{[%evp 23,91,29,62,9,50,49,68,33,29,-2,26,18,37,16,25,18,16,27,29,12,39,39,39,18,38,49,144,135,129,119,143,112,110,110,101,113,98,97,94,95,102,108,110,105,114,45,132,98,93,115,500,483,468,389,967,962,1347,1253,1510,1483,1424,1316,5597,4949,1981,2145,29982,29983,29983,29984]} 1. d4 Nf6 2. c4 e6 3. Nf3 c5 4. d5 d6 5. Nc3 exd5 6. cxd5 g6 7. Nd2 Nbd7 {[%cal Bb8d7,Bd7e5,Be5d3][%mdl 32]} 8. e4 Bg7 9. Be2 O-O 10. O-O Re8 11. Re1 a6 12. a4 Ne5 13. Nf1 {A77: Modern Benoni: Classical: 9...Re8 10 Nd2: 10...a6 and 10...Nbd7} (13. f4 $1 $14 Ned7 14. Bf3) 13... h5 (13... Nfg4 14. f3 Nh6 15. Be3 f5 16. Qd2 Nef7 17. Bd3 fxe4 18. Bxe4 Bd7 19. h3 b5 20. axb5 axb5 21. Rxa8 Qxa8 {0-1 (40) Kozul,Z (2597)-Yilmaz,M (2621) Sarajevo 2018}) 14. h3 Rb8 15. Qc2 {White is slightly better.} c4 16. f4 $146 ({Predecessor:} 16. a5 b5 17. axb6 Qxb6 18. Ne3 Qb3 19. Qd2 Nfd7 20. Ra3 Qb4 21. Ra4 Qb3 22. Ra3 Qb4 23. Ra4 Qb3 {½-½ (23) Orsag,M (2419)-Simacek,P (2518) Ostrava 2010}) 16... Nd3 17. Bxd3 cxd3 18. Qxd3 b5 19. axb5 axb5 20. Nd1 b4 21. Nf2 Bd7 22. Nh2 Bb5 23. Qb3 Nd7 24. Be3 Qf6 (24... Nf6 $14) 25. Qxb4 $16 Bd3 26. Qa4 Bb5 27. Qa5 Qxb2 {Threatening ...Bc3.} 28. Rab1 Qc3 29. Qxc3 Bxc3 30. Rec1 Bg7 31. Rc7 {aiming for Ba7.} Ba4 32. Rxb8 Rxb8 33. Nf3 Nf6 34. Ng5 ({White should try} 34. Ba7 $16 Ra8 35. g3) 34... Be8 (34... Rb1+ $14 35. Kh2 Rb3) 35. Ba7 $36 {[%mdl 2048] White has strong initiative.} Rb1+ 36. Kh2 {And now Rc8 would win.} h4 $2 {[%mdl 8192]} (36... Kf8 $16 37. Nf3 Ra1) 37. Rc8 $18 Bf8 38. Bd4 Nh5 $2 (38... Bd7 39. Rd8 Nh5) 39. Ng4 Ng3 40. Nf6+ {[%mdl 64] Double Attack} Kh8 {[#]} 41. Nh5+ $1 ({And not} 41. Nxe8+ f6 $11) 41... Kg8 42. Nxg3 hxg3+ 43. Kxg3 Bd7 44. Rd8 {White wants to mate with Nh7.} Rb7 {[#]} 45. Nh7 $1 {[%mdl 576] Deflection} Kxh7 46. Rxf8 {Accuracy: White = 69%, Black = 35%.} 1-0

[Event "VI Sunway Sitges Open 2019"]
[Site "Sitges"]
[Date "2019.12.19"]
[Round "7.39"]
[White "Krastev, Alexander"]
[Black "Gines Esteo, Pedro Antonio"]
[Result "0-1"]
[WhiteElo "2323"]
[BlackElo "2483"]
[Annotator "ChessBase"]
[PlyCount "74"]
[EventDate "2019.12.13"]
[EventType "swiss"]
[EventCountry "ESP"]
[SourceTitle "playchess.com"]
[Source "ChessBase"]
[SourceQuality "1"]
[TimeControl "40/5400+30:1800+30"]

1. e4 {[%emt 0:00:00]} c6 {[%emt 0:14:21]} 2. d4 {[%emt 0:00:00]} d5 {[%emt 0:00:12]} 3. Nc3 {[%emt 0:00:00]} dxe4 {[%emt 0:00:09]} 4. Nxe4 {[%emt 0:00:00]} Bf5 {[%emt 0:00:04]} 5. Ng3 {[%emt 0:00:04]} Bg6 {[%emt 0:00:06]} 6. h4 {[%emt 0:00:04]} h6 {[%emt 0:00:05]} 7. Nf3 {[%emt 0:00:04]} e6 {[%emt 0:00:10]} 8. Ne5 {[%emt 0:01:31]} Bh7 {[%emt 0:00:05]} 9. Bd3 {[%emt 0:00:04]} Bxd3 {[%emt 0:00:06]} 10. Qxd3 {[%emt 0:00:04]} Nd7 {[%emt 0:01:59]} 11. f4 {[%emt 0:04:20]} Bb4+ {[%emt 0:00:30]} 12. Bd2 {[%emt 0:06:55]} Bxd2+ {[%emt 0:00:06]} 13. Qxd2 {[%emt 0:00:03]} Ngf6 {[%emt 0:00:07]} 14. O-O-O {[%emt 0:01:46]} O-O {[%emt 0:00:07]} 15. Ne2 {[%emt 0:06:58]} Ne4 {[%emt 0:30:21]} 16. Qe3 {[%emt 0:01:20]} f5 {[%emt 0:00:05]} 17. g4 {[%emt 0:22:28]} Nxe5 {[%emt 0:00:17]} 18. fxe5 {[%emt 0:11:18]} Qd5 {[%emt 0:00:35]} 19. Kb1 {[%emt 0:00:50]} fxg4 {[%emt 0:06:02]} 20. Nf4 {[%emt 0:15:38]} Rxf4 {[%emt 0:00:16]} 21. Qxf4 {[%emt 0:00:02]} Rf8 {[%emt 0:00:15]} 22. Qxg4 {[%emt 0:05:04]} Nf2 {[%emt 0:04:14]} 23. Qg1 {[%emt 0:03:44]} Nxd1 24. Qxd1 {[%emt 0:01:13]} Rf4 {[%emt 0:06:22]} 25. c3 {[%emt 0:02:10]} Qe4+ {[%emt 0:00:00]} 26. Kc1 {[%emt 0:03:23]} Rf2 {[%emt 0:00:42]} 27. Re1 {[%emt 0:11:14]} Rc2+ {[%emt 0:07:34]} 28. Qxc2 {[%emt 0:00:00]} Qxe1+ {[%emt 0:00:05]} 29. Qd1 {[%emt 0:00:00]} Qxd1+ {[%emt 0:00:11]} 30. Kxd1 {[%emt 0:00:00]} Kf7 {[%emt 0:01:30]} 31. Ke2 {[%emt 0:00:28]} Kg6 {[%emt 0:00:00]} 32. Kf3 {[%emt 0:00:05]} Kf5 {[%emt 0:00:00]} 33. a4 {[%emt 0:02:55]} a5 {[%emt 0:02:33]} 34. Ke3 {[%emt 0:02:12]} g5 {[%emt 0:00:10]} 35. hxg5 {[%emt 0:00:00]} Kxg5 {[%emt 0:05:19]} 36. Kf3 {[%emt 0:00:00]} Kf5 {[%emt 0:05:46]} 37. Kg3 {[%emt 0:00:00]} b6 {[%emt 0:07:40]} 0-1

[Event "VI Sunway Sitges Open 2019"]
[Site "Sitges"]
[Date "2019.12.19"]
[Round "7.40"]
[White "Erenberg, Ariel"]
[Black "Foisor, Sabina-Francesca"]
[Result "1-0"]
[WhiteElo "2479"]
[BlackElo "2274"]
[Annotator "TA"]
[PlyCount "93"]
[EventDate "2019.12.13"]
[EventType "swiss"]
[EventCountry "ESP"]
[SourceTitle "playchess.com"]
[Source "ChessBase"]
[SourceQuality "1"]

{[%evp 22,93,54,52,58,49,55,56,57,54,65,67,62,35,32,18,82,41,37,38,32,53,55,45,45,54,50,50,103,103,105,92,99,0,87,58,141,122,249,257,248,252,386,343,395,395,389,381,366,352,370,340,409,412,564,556,700,682,728,712,639,632,739,504,5397,4525,3433,4035,2577,2335,6430,5531,29977,12726]} 1. d4 Nf6 2. c4 e6 3. g3 d5 4. Bg2 c5 5. Nf3 Nc6 6. O-O dxc4 7. Qa4 cxd4 8. Nxd4 Qxd4 9. Bxc6+ Bd7 10. Rd1 Bxc6 11. Qxc6+ bxc6 12. Rxd4 Rd8 {E04: Open Catalan: 5 Nf3} (12... Nd5 13. Rxc4 Kd7 14. Nd2 Be7 15. Nf3 f6 16. Bd2 Rhb8 17. e4 Nb6 18. Rc2 e5 19. Rd1 Ke8 20. Rxc6 {1-0 (52) Rapport,R (2736)-Turner,M (2524) England 2019}) 13. Rxc4 Rd1+ 14. Kg2 Nd5 {White is slightly better.} 15. e4 Nb6 $146 {[%cal Rb6c4]} ({Predecessor:} 15... Nb4 16. Nc3 Re1 17. Rb1 Be7 18. Be3 Rxb1 19. Nxb1 Kd7 20. a3 {1-0 (46) Piorun,K (2546)-Osmanodja,F (2304) Stroebeck 2015}) 16. Rxc6 Kd7 $1 {[%cal Rd7c6]} 17. Rc2 $1 {Black must now prevent Nc3.} Bb4 $1 18. Bd2 a5 (18... Bd6 $11 {remains equal.}) 19. a3 (19. Bxb4 {is more complex.} axb4 20. Rd2+ Rxd2 21. Nxd2 Rc8 22. b3) 19... Bxd2 $1 20. Rxd2+ Rxd2 21. Nxd2 $14 {[%mdl 4096] Endgame KRN-KRN} Rc8 22. Rd1 {Threatens to win with Nc4+.} Ke7 23. Nf3 a4 24. Rd3 Nd7 (24... Rc4 $14) 25. Rd4 $16 Nc5 26. Rc4 Kd6 27. Rd4+ Ke7 28. Rb4 Kd6 ({Better is} 28... Nd3 $14 29. Rb7+ (29. Rxa4 Rc2 $11) 29... Ke8) 29. Nd4 g5 {[#]} (29... Nxe4 $16 {was necessary.} 30. Nxe6 (30. Rxa4 Kd5 $16) 30... fxe6) 30. Nb5+ $1 $18 Ke5 31. Rc4 f5 (31... Rc6 {keeps fighting.} 32. Nc3 Kd6 33. Nxa4 Nxa4 34. Rxa4 f6) 32. exf5 exf5 33. Nc3 Rc7 34. Nxa4 Ne6 35. Rxc7 Nxc7 {KN-KN} 36. Nb6 Kd4 37. Kf3 Ne6 38. g4 f4 39. b4 Kd3 40. a4 {[%cal Ba3a4,Ba4a5,Ba5a6][%mdl 32]} Nd4+ 41. Kg2 Nc2 42. Nd5 Ke2 (42... Kc4 $142 43. Nf6 Ne1+ 44. Kf1 Nf3) 43. a5 Ne1+ 44. Kg1 Nf3+ 45. Kh1 Kf1 46. a6 Ng1 47. Nc3 {Accuracy: White = 75%, Black = 28%.} 1-0